Statistics for riddles!

Click here to take the quiz!

General Stats

  • This quiz has been taken 65 times
  • The average score is 4 of 5

Answer Stats

QuestionAnswer% Correct
how do you stuff a monkey in a fridge is THREE steps?you open the fridge put the monkey in then close the fridge
96%
how do you put a giraffe in a fridge in FOUR steps?you open the fridge take the monkey out put the giraffe in then close the fridge
90%
Jackie wanted to cross the lake there were rocks she could step on and the river was slow and no animals inside it but she died how?the fridges that the airplane dropped it killed her
75%
your on a place with 1000 people and 1000 fridges and your falling bc of weight do you drop the fridges or people?THE FRIDGES THEY HAD NO FOOD INSIDE THEM
69%
the lion king invites all the animals to a party all of them came but one which one?the girrafe
69%

Score Distribution

Percentile by Number Answered

Percent of People with Each Score

Your Score History

You have not taken this quiz